| 000 | 00922nac a22002411u 4500 | ||
|---|---|---|---|
| 010 | _a2004048113 | ||
| 020 | _a0071155422 : | ||
| 020 | _a0070579474 : | ||
| 082 | 0 | 0 |
_a330 _bS1938 |
| 090 |
_c4611 _d4611 |
||
| 100 | _aSamuelson, Paul Anthon | ||
| 245 | 1 | 0 |
_aEconomics / _cPaul A. Samuelson, William D. Nordhaus. |
| 250 | _a16th ed. | ||
| 260 |
_aBoston : _bMcGraw-Hill/Irwin,c1998. _cc1998. |
||
| 300 |
_axxxii, 781 p. : _bill. (some col.) ; _c27 cm. |
||
| 504 | _aIncludes bibliographical references and index. | ||
| 650 | 0 | _aEconomics. | |
| 700 | 1 | _aNordhaus, William D. | |
| 856 | 4 | 1 |
_3Table of contents only _uhttp://www.loc.gov/catdir/toc/mh041/2004048113.html |
| 856 | 4 | 1 |
_3Publisher description _uhttp://www.loc.gov/catdir/enhancements/fy0632/2004048113-d.html |
| 942 |
_cTB _k330S1938 |
||
| 999 |
_c4611 _d4611 |
||